MARC

LEADER 00000nam0a2200000 4500
001 134123
005 20231031135553.0
035 |a (RuTPU)RU\TPU\book\145373 
090 |a 134123 
100 |a 20080326d1955 km y0rusy50 ca 
101 0 |a rus 
102 |a RU 
105 |a a z 001zy 
200 1 |a Основы применения нефтепродуктов  |f Б. В. Лосиков, Н. Г. Пучков, Б. А. Энглин 
210 |a Москва  |c Изд-во нефтяной и горно-топливной промышленности  |d 1955 
215 |a 462 с.  |c ил. 
320 |a Библиография в конце глав. 
610 1 |a применение 
610 1 |a нефтепродукты 
610 1 |a двигатели 
610 1 |a топливо 
610 1 |a дизельное топливо 
610 1 |a воздушно-реактивные двигатели 
610 1 |a котельное топливо 
610 1 |a масла 
675 |a 621.43  |v 3 
675 |a 621.89  |v 3 
700 1 |a Лосиков  |b Б. В.  |g Борис Витальевич 
701 1 |a Пучков  |b Н. Г.  |g Николай Гаврилович 
701 1 |a Энглин  |b Б. А.  |g Борис Абрамович 
801 1 |a RU  |b 63413507  |c 20080326  |g PSBO 
801 2 |a RU  |b 63413507  |c 20181221  |g PSBO 
942 |c BK